000 00246nam a22000977a 4500
999 _c515671
_d515671
082 _aTNC I513 Et99
100 _aEtzioni, Amitai
_921394
245 _aModern organizations
_cby Amitai Etzioni
260 _aNew Delhi
_bPrentice
_c1965
300 _a120p.